000 00278nam a22001097a 4500
082 _a669.14 WAR'I
100 _aWARD, R. L
_979718
245 _aAN INTRODUCTION TO THE PHYSICAL CHEMISTRY OF IRON AND STEEL MAKING
260 _aLONDON
_bELBS
_c1962
300 _a238P
942 _cBK
999 _c584720
_d584720